Moderné trendy a nástroje v manažmente

Identifikácia najnovších trendov v manažmente podnikov a najmodernejšie manažérske nástroje uplatňované v podnikovej sfére. Komparácia manažérskych nástrojov uplatňovaných vo svete s manažérskymi nástrojmi uplatňovanými v podnikovej praxi na Slovensku.

Enregistré dans:
Détails bibliographiques
Auteur principal: Szabo, Ľuboslav
Autres auteurs: Nemeth, František
Format: Chapitre de livre
Langue:slovaque
Sujets:
Tags: Ajouter un tag
Pas de tags, Soyez le premier à ajouter un tag!

MARC

LEADER 00000naa$a2200000$$$4500
001 0209862
005 20240502073507.3
041 0 |a slo 
044 |a SK 
245 1 0 |a Moderné trendy a nástroje v manažmente  |c Ľuboslav Szabo, František Nemeth 
520 |a Identifikácia najnovších trendov v manažmente podnikov a najmodernejšie manažérske nástroje uplatňované v podnikovej sfére. Komparácia manažérskych nástrojov uplatňovaných vo svete s manažérskymi nástrojmi uplatňovanými v podnikovej praxi na Slovensku. 
610 2 0 |a manažment 
610 2 0 |a stratégia podniková 
610 2 0 |a metódy riadenia 
610 2 0 |a technika riadenia 
610 2 0 |a riadenie podľa cieľov 
610 2 0 |a Slovensko 
610 2 0 |a porovnanie medzinárodné 
100 1 |a Szabo, Ľuboslav 
700 1 |a Nemeth, František